000 00271nam a2200109Ia 4500
001 1275965
005 20260417160438.0
008 260417s9999 xx 000 0 und d
020 _a9786257587594
245 0 _aUzay Kaşifleri
_cGiulia De Amicis
260 _bKetebe Çocuk
999 _c1275965
_d1275965